| 000 | 01394ngm a22003490a 4500 | ||
|---|---|---|---|
| 001 | PT27919 | ||
| 003 | AR-LpoUNG | ||
| 005 | 20210202000410.0 | ||
| 007 | vd cvaizq | ||
| 008 | 191001s2004||||ag |||||||||||||||||spa d | ||
| 040 |
_aAR-LpoUNG _bspa _cAR-LpoUNG _eaacr |
||
| 041 | _aspa | ||
| 044 | _aag | ||
| 082 | 0 | _a306.8 144amo | |
| 100 | 1 |
_aFadel, Alejandro _edir. |
|
| 245 | 1 | 3 | _aEl amor - primera parte - |
| 260 |
_aBuenos Aires : _bGativideo, _c2004. |
||
| 300 | _aDVD (110 min.) : son., col. | ||
| 505 | 0 | _aTítulos en castellano, subtítulos en inglés. | |
| 520 | _aLa historia de una joven pareja, desde su inicio hasta su conclusión, desde las euforias del enamoramiento hasta los desdibujados y oscuros días finales, observada con ojo analítico y afán investigador. ¿Cómo y por qué dos personas se enamoran? ¿Cuándo comienzan a ser una pareja? ¿Qué imprevisibles mecanismos ponen en marcha la convivencia? ¿En qué momento secreto las cosas, imperceptibles, comienzan a marcar el final? ¿Cuándo termina una relación o cuándo debería terminar?. | ||
| 650 | 4 | _aARGENTINA | |
| 650 | 4 | _aRELACIONES PERSONALES | |
| 651 | 4 | _aArgentina | |
| 653 | _aCINE ARGENTINO | ||
| 653 | _aDVD | ||
| 653 | _aVIDEOS | ||
| 700 | 1 |
_aMauregui, Martin _edir. |
|
| 700 | 1 |
_aMitre, Santiago _edir. |
|
| 700 | 1 |
_aSchnitman, Juan _edir. |
|
| 905 | _a27919 | ||
| 942 | _cDVD | ||
| 999 |
_c54793 _d54793 |
||